<?xml version="1.0" encoding="UTF-8"?>
<collection xmlns="http://www.loc.gov/MARC21/slim">
 <record>
  <leader>00364pamaa2200121   4500</leader>
  <controlfield tag="001">0000039954</controlfield>
  <controlfield tag="005">20120420090000.0</controlfield>
  <datafield tag="090" ind1="0" ind2="0">
   <subfield code="a">DS599.2 </subfield>
   <subfield code="b">MOO 1960</subfield>
  </datafield>
  <datafield tag="100" ind1="1" ind2="0">
   <subfield code="a">MOORE </subfield>
  </datafield>
  <datafield tag="245" ind1="1" ind2="0">
   <subfield code="a">Singapore-City of the Lion  </subfield>
   <subfield code="c">by Joanna Moore.</subfield>
  </datafield>
  <datafield tag="260" ind1="0" ind2="0">
   <subfield code="a">Singapore: </subfield>
   <subfield code="b">Heinemann Educational Books, </subfield>
   <subfield code="c">1960.</subfield>
  </datafield>
  <datafield tag="300" ind1=" " ind2=" ">
   <subfield code="a">vii, 76p.: </subfield>
   <subfield code="b">ill.; </subfield>
   <subfield code="c">19 cm.</subfield>
  </datafield>
  <datafield tag="650" ind1="0" ind2="0">
   <subfield code="a">Singapore -- </subfield>
   <subfield code="x">Description and travel </subfield>
  </datafield>
 </record>
</collection>
